000 00663cab a2200205 4500
001 WB2643-32
008 090401t1990 xxu||||| |||| 00| 0 eng d
035 _a(Sirsi) u9329
041 _aeng
245 _aAustria turns to Widnell
260 _c1990
350 _a0
490 _aDaily Telegraph
_v30/10/90 p25
520 _aWidnell , a firm of quantity surveyors has been appointed by five Austria n banks to act as funding consultants on eastern Europe an construction projects , the first example of a qs firm taking on such a role.
650 _aCZECHOSLOVAKIA
650 _aHUNGARY
690 _aOVERSEAS-EUROPE
942 _n0
948 _c04/03/1997
999 _c5810
_d5810